Tváre z ríše rozprávok, skutočnosť na neuverenie : Nezabúdajme v Medzinárodnom roku rodiny na deti, na ktoré zabudli vlastní rodičia

Podrobná bibliografia
Hlavní autori: Janušková, V. (Author), Juhás, Ladislav (Author)
Médium: Článok
Jazyk:Slovak
Témy:
Zdroj: 1. Slovenský východ 1. Roč. 4/23, č. 4(1994), dát. 0107, s. 3
LEADER 00964nab#a2200325#ar4500
001 000009621
003 SVKKK
005 00000000000000.0
008 c xo e sloo
FMT
038 |a SVKKK 
040 |a SVKKK  |b slo  |e AACR2 
041 0 |a slo 
044 |a xo  |c SK 
080 |a 362.7  |2 1981 
245 0 0 |a Tváre z ríše rozprávok, skutočnosť na neuverenie :  |b Nezabúdajme v Medzinárodnom roku rodiny na deti, na ktoré zabudli vlastní rodičia  |c Juhás Ladislav, Janušková V. 
300 |b Obr. 1 
650 0 4 |a Detský domov, Šarišské Michaľany (PO) 
650 0 4 |a sponzorstvo  |x pomoc finančná  |x hodnotenie 
700 1 |a Janušková, V.  |4 aut 
700 1 |a Juhás, Ladislav  |4 aut 
773 0 |t Slovenský východ  |g Roč. 4/23, č. 4(1994), dát. 0107, s. 3 
957 |a Šarišské Michaľany 
958 |a NP 
958 |a RE 
974 |d 941107  |a Čr 
992 |a RBX 
BAS
852 |a SVKKK  |b BIB 
998 |a REG